00837nam a22002412a 450000100060000000300080000600500170001400800410003103500190007204000410009104100080013208200290014010000570016924500480022625000110027426000400028530000300032565100280035570000260038394200120040999900170042195201570043822547BD-RjUL20211209000823.0140308s1962 enka 001 0 eng d a(BD-RjUL)22612 aDLCcIULdOCLdBD-RjULdBD-RjULbeng aeng a914.210485218bPRL 19621 aPritchett, V. S.q(Victor Sawdon),d1900-199796377610aLondon perceived /cPhotos. by Evelyn Hofer a1st ed a[London] :bChatto & Windus,c1962. a116 p. :billus. ;c29 cm 0aLondon (England)9696111 aHofer, Evelyn.969612 2ddccBK c22547d22547 00102ddc40728NFICaRUCLbRUCLcReadingd1964-05-28eTulip Enterprise, Dhakag75.60l0o914.210485 PRL 1962r2014-03-08 00:00:00tC-1w2014-03-08yBK